| 000 | 01123pam a2200289 a 4500 | ||
|---|---|---|---|
| 001 | 4450963 | ||
| 003 | OSt | ||
| 005 | 20240617110812.0 | ||
| 008 | 950327r19951978nyua b 001 0 eng | ||
| 010 | _a 95012763 | ||
| 020 | _a048668735X (pbk.) | ||
| 040 |
_aMUST LIB _cMUST _dMUST |
||
| 050 | 0 | 0 |
_aQA611.3 _b.S74 1995 |
| 082 | 0 | 0 |
_a514.4 _220 _bSTE |
| 100 | 1 |
_aSteen, Lynn Arthur, _d1941- _915920 |
|
| 245 | 1 | 0 |
_aCounterexamples in topology / _cLynn Arthur Steen and J. Arthur Seebach, Jr. |
| 260 |
_aNew York : _bDover Publications, _c1995. |
||
| 300 |
_axi, 244 p. : _bill. ; _c22 cm. |
||
| 500 | _aOriginally published: 2nd ed. New York : Springer-Verlag, 1978. | ||
| 504 | _aIncludes bibliographical references (p. 228-235) and index. | ||
| 650 | 0 |
_aTopological spaces. _910309 |
|
| 700 | 1 |
_aSeebach, J. Arthur. _917317 |
|
| 856 | 4 | 2 |
_3Publisher description _uhttp://www.loc.gov/catdir/description/dover032/95012763.html |
| 906 |
_a7 _bcbc _corignew _d1 _eocip _f19 _gy-gencatlg |
||
| 942 |
_2ddc _cBOOK |
||
| 999 |
_c8526 _d8526 |
||